| 000 | 00704nam a2200241 a 4500 | ||
|---|---|---|---|
| 999 |
_c2975 _d2975 |
||
| 006 | a||||gr|||| 000 0 | ||
| 007 | ta | ||
| 008 | 090819s1990 xxka|| grf 000 0 eng d | ||
| 040 |
_aKO _beng |
||
| 041 | 0 | _aeng | |
| 044 | _axxk | ||
| 082 | 0 | 4 |
_223 _a623.8929 _bIn858 |
| 110 | 2 | _aInternational Maritime Pilots Association (London) | |
| 245 | 1 | 0 |
_aShipmaster's Guide to Pilot Transfer by Helicopter / _cInternational Maritime Pilots Association, London |
| 260 |
_aLondon, _bInternational Maritime Pilots Association, _c1990 |
||
| 300 |
_a13 p. : _bill. ; _c30 cm. |
||
| 650 | 0 | _aPilot guides | |
| 650 | 0 | _aPilots and pilotage | |
| 904 | _aRUDRA_R | ||
| 905 | _aR_RANJAN | ||
| 942 | _cGR | ||